Краткий словарь по эстетике (Record no. 187849)

MARC details
000 -Маркер запису
Маркер (контрольне поле довжиною 24 байти) 00557nam a2200181 i 4500
001 - Ідентифікатор запису
Ідентифікатор запису 187849
003 - Постійний ідентифікатор запису
Постійний ідентифікатор запису 24237
100 ## - Дані загальної обробки
Дані загальної обробки 20130822d9999 u||y0 y50 zz
105 ## - Поле кодованих даних: текстові матеріали (монографічні)
Кодовані дані про монографію 000yy
106 ## - Поле кодованих даних: текстові матеріали — фізичні характеристики
Кодовані дані позначення фізичної форми текстових матеріалів y
200 ## - Назва
Основна назва Краткий словарь по эстетике
Підзаголовок книга для учителя
Перші відомості про відповідальність под ред. М.Ф.Овсянникова
210 ## - Місце та час видання
Дата видання 1983
Місце публікації М.
Видавництво Просвещение
215 ## - Фізичний опис
Специфічне визначення матеріалу та обсяг документа 223 с.
-- 223
246 #0 -
-- книга для учителя
675 ## - УДК
Індекс 111.852
942 ## - Додаткові дані (Коха)
Код системи класифікації для розстановки фонду udc
Тип одиниці (рівень запису) Словники
Шифр замовлення 111.852
Внутрішній № біб-запису в старій системі 24237
999 ## -
-- 24237
-- 24237

No items available.

Powered by Koha